Object-oriented analysis and design with applications (Record no. 5348)
[ view plain ]
| 000 -LEADER | |
|---|---|
| fixed length control field | 00496nam a2200169Ia 4500 |
| 003 - CONTROL NUMBER IDENTIFIER | |
| control field | SGT |
| 020 ## - INTERNATIONAL STANDARD BOOK NUMBER | |
| International Standard Book Number | 9788131702321 |
| 082 ## - DEWEY DECIMAL CLASSIFICATION NUMBER | |
| Classification number | 5.117 |
| Item number | BOO |
| 100 ## - MAIN ENTRY--PERSONAL NAME | |
| Personal name | Booch, Grady |
| 245 ## - TITLE STATEMENT | |
| Title | Object-oriented analysis and design with applications |
| 250 ## - EDITION STATEMENT | |
| Edition statement | 2nd Ed. |
| 260 ## - PUBLICATION, DISTRIBUTION, ETC. (IMPRINT) | |
| Name of publisher, distributor, etc | Pearson |
| Place of publication, distribution, etc | N.Delhi |
| Year of Publication | 2008 |
| 300 ## - PAGE DESCRIPTION | |
| No. of Pages | 547p. |
| 650 ## - SUBJECT ADDED ENTRY--TOPICAL TERM | |
| Topical term or geographic name as entry element | COMPUTER SCIENCE |
| 653 ## - KEYWORDS--INDEX TERM | |
| Keyword term | COMPLEXITY, THE OBJECT MODAL, CLASSIFICATION, THE PROCESS, PRAGMATICS, OBJECT-ORIENTED PROGRAMMING LANGUAGE |
| 942 ## - ADDED ENTRY ELEMENTS (KOHA) | |
| Source of classification or shelving scheme | Dewey Decimal Classification |
| Koha item type | Books |
| 942 ## - ADDED ENTRY ELEMENTS (KOHA) | |
| -- | 1 |
| Withdrawn status | Lost status | Source of classification or shelving scheme | Damaged status | Not for loan | Home library | Current library | Date acquired | SGTU | Total Checkouts | Full call number | Accession No. (Barcode) | Date last seen | Date last borrowed | Bill Date | Koha item type |
|---|---|---|---|---|---|---|---|---|---|---|---|---|---|---|---|
| Dewey Decimal Classification | SGT Engineering Library | SGT Engineering Library | 15/10/2011 | SGTU | 1 | 5.117 BOO | FE4224 | 07/03/2018 | 20/09/2017 | 09/02/2015 | Books | ||||
| Dewey Decimal Classification | SGT Engineering Library | SGT Engineering Library | 15/10/2011 | SGTU | 5.117 BOO | FE4225 | 09/02/2015 | 09/02/2015 | Books | ||||||
| Dewey Decimal Classification | SGT Engineering Library | SGT Engineering Library | 15/10/2011 | SGTU | 5.117 BOO | FE4226 | 09/02/2015 | 09/02/2015 | Books | ||||||
| Dewey Decimal Classification | SGT Engineering Library | SGT Engineering Library | 15/10/2011 | SGTU | 1 | 5.117 BOO | FE4227 | 09/11/2021 | 25/10/2021 | 09/02/2015 | Books | ||||
| Dewey Decimal Classification | SGT Engineering Library | SGT Engineering Library | 15/10/2011 | SGTU | 1 | 5.117 BOO | FE4228 | 23/02/2017 | 18/01/2017 | 09/02/2015 | Books | ||||
| Dewey Decimal Classification | SGT Engineering Library | SGT Engineering Library | 15/10/2011 | SGTU | 5.117 BOO | FE4234 | 09/02/2015 | 09/02/2015 | Books | ||||||
| Dewey Decimal Classification | SGT Engineering Library | SGT Engineering Library | 15/10/2011 | SGTU | 5.117 BOO | FE4235 | 09/02/2015 | 09/02/2015 | Books | ||||||
| Dewey Decimal Classification | SGT Engineering Library | SGT Engineering Library | 15/10/2011 | SGTU | 5.117 BOO | FE4236 | 09/02/2015 | 09/02/2015 | Books | ||||||
| Dewey Decimal Classification | SGT Engineering Library | SGT Engineering Library | 15/10/2011 | SGTU | 5.117 BOO | FE4237 | 09/02/2015 | 09/02/2015 | Books | ||||||
| Dewey Decimal Classification | SGT Engineering Library | SGT Engineering Library | 15/10/2011 | SGTU | 5.117 BOO | FE4238 | 09/02/2015 | 09/02/2015 | Books |